[Event "SRI-ch"]
[Site "Colombo"]
[Date "2016.05.28"]
[Round "4"]
[White "Edirisinghe, Dulan"]
[Black "Lamawansa, Yasas"]
[Result "1/2-1/2"]
[WhiteElo "2106"]
[BlackElo "2012"]
[PlyCount "60"]
[EventDate "2016.05.27"]
[EventType "tourn"]
[EventRounds "13"]
[EventCountry "SRI"]
[SourceTitle "CBM 172 Extra"]
[Source "ChessBase"]
[SourceDate "2016.06.21"]
[SourceVersion "1"]
[SourceVersionDate "2016.06.21"]
[SourceQuality "1"]

1. e4 c5 2. Nf3 d6 3. d4 cxd4 4. Nxd4 Nf6 5. Nc3 Bd7 6. Be3 e5 7. Nb3 Bc6 8. f3 h5 9. Qd2 a6 10. 0-0-0 Nbd7 11. Kb1 Qc7 12. Be2 Be7 13. Bg5 Rc8 14. Rc1 b5 15. Bxf6 Nxf6 16. Nd5 Bxd5 17. exd5 Qb6 18. c4 b4 19. Bd3 0-0 20. Rce1 a5 21. Qe3 Qxe3 22. Rxe3 Bd8 23. Re2 Bb6 24. Rf1 Rfe8 25. Nd2 g6 26. Ne4 Nxe4 27. fxe4 Kg7 28. Rf3 f6 29. Re1 Rh8 30. Ref1 Rcf8 1/2-1/2

[Event "Asia Cup"]
[Site "Abu Dhabi"]
[Date "2016.03.29"]
[Round "2.3"]
[White "Shrestha, Sujendra Prasad"]
[Black "Edirisinghe, Dulan"]
[Result "1/2-1/2"]
[WhiteElo "1893"]
[BlackElo "2116"]
[PlyCount "120"]
[EventDate "2016.03.28"]
[EventType "team-swiss"]
[EventRounds "9"]
[EventCountry "UAE"]
[SourceTitle "CBM 171 Extra"]
[Source "ChessBase"]
[SourceDate "2016.04.26"]
[SourceVersion "1"]
[SourceVersionDate "2016.04.26"]
[SourceQuality "1"]
[WhiteTeam "Nepal"]
[BlackTeam "Sri Lanka"]
[WhiteTeamCountry "NEP"]
[BlackTeamCountry "SRI"]

1. e4 c5 2. Nf3 Nc6 3. d4 cxd4 4. Nxd4 g6 5. Nc3 Bg7 6. Be3 Nf6 7. f3 0-0 8. Qd2 d5 9. 0-0-0 dxe4 10. fxe4 Ng4 11. Nxc6 Qxd2+ 12. Bxd2 bxc6 13. Re1 Be6 14. Be2 Bxc3 15. Bxc3 Nf2 16. Rhf1 Nxe4 17. Bb4 Nd6 18. Bf3 Rac8 19. b3 c5 20. Bc3 c4 21. b4 Nb5 22. Kb2 Rfd8 23. a4 Nc7 24. h4 h5 25. Re5 f6 26. Ra5 a6 27. Re1 Kf7 28. Bb7 Rb8 29. Bxa6 Rd6 30. Rxe6 Nxe6 31. Bxc4 Ke8 32. Ra7 Nf4 33. g3 Nd5 34. b5 Ne3 35. Bd3 Kf7 36. Bd2 Nd5 37. a5 Ke6 38. Kb3 Rd7 39. Rxd7 Kxd7 40. c4 Nc7 41. Ka4 f5 42. b6 Na6 43. Kb5 Nc7+ 44. Ka4 Na6 45. Be2 e5 46. Kb5 Nc7+ 47. Kc5 Na6+ 48. Kd5 Rc8 49. Be3 Nb4+ 50. Kxe5 Re8+ 51. Kf4 Nc2 52. Bf3 Nxe3 53. c5 Nc4 54. a6 Ne5 55. a7 Nc6 56. Kg5 Rg8 57. Bd5 Re8 58. Kxg6 Ne7+ 59. Kxh5 Nxd5 60. b7 Rg8 1/2-1/2

[Event "SRI-ch"]
[Site "Malabe"]
[Date "2015.07.12"]
[Round "11"]
[White "Priyankara, Chamil Y"]
[Black "Edirisinghe, Dulan"]
[Result "0-1"]
[WhiteElo "2018"]
[BlackElo "2051"]
[PlyCount "73"]
[EventDate "2015.07.04"]
[EventType "tourn"]
[EventRounds "13"]
[EventCountry "SRI"]
[SourceTitle "CBM 167 Extra"]
[Source "ChessBase"]
[SourceDate "2015.09.14"]
[SourceVersion "1"]
[SourceVersionDate "2015.09.14"]
[SourceQuality "1"]

1. e4 e6 2. d4 d5 3. Nc3 Nf6 4. Bg5 dxe4 5. Nxe4 Be7 6. Bxf6 gxf6 7. Nf3 f5 8. Nc3 a6 9. Ne5 Bf6 10. f4 Nc6 11. Nxc6 bxc6 12. Qf3 Qd6 13. 0-0-0 Rb8 14. Bc4 Bxd4 15. Rhe1 c5 16. Bb3 Bb7 17. Qg3 Qe7 18. Ne2 Bf6 19. Ba4+ Kf8 20. Rd7 Bxb2+ 21. Kb1 Qf6 22. Qb3 Kg7 23. Ng3 Kg6 24. Nh5 Kxh5 25. Rxf7 Bd5 26. Qh3+ Qh4 27. Bb3 Qxh3 28. gxh3 Bd4 29. Kc1 c4 30. Ba4 c5 31. Bd7 Kg6 32. Re7 Kf6 33. Bxe6 Kxe7 34. Bxd5+ Kd6 35. Bxc4 Rhe8 36. Rd1 Kc6 37. c3 0-1

[Event "SRI-ch"]
[Site "Malabe"]
[Date "2015.07.05"]
[Round "3"]
[White "Weerawardane, Romesh"]
[Black "Edirisinghe, Dulan"]
[Result "0-1"]
[WhiteElo "2110"]
[BlackElo "2051"]
[PlyCount "116"]
[EventDate "2015.07.04"]
[EventType "tourn"]
[EventRounds "13"]
[EventCountry "SRI"]
[SourceTitle "CBM 167 Extra"]
[Source "ChessBase"]
[SourceDate "2015.09.14"]
[SourceVersion "1"]
[SourceVersionDate "2015.09.14"]
[SourceQuality "1"]

1. Nf3 Nf6 2. d4 c5 3. c4 cxd4 4. Nxd4 e5 5. Nb5 d5 6. cxd5 Bc5 7. e3 0-0 8. N5c3 e4 9. Be2 Re8 10. 0-0 Nbd7 11. Nd2 Nb6 12. Qc2 Bd6 13. g3 Qe7 14. Rd1 Bf5 15. Nc4 Nxc4 16. Bxc4 Rac8 17. Bf1 Bg4 18. Be2 Qd7 19. Bxg4 Nxg4 20. h3 Nf6 21. Kg2 h5 22. Qe2 h4 23. g4 a6 24. Bd2 Qe7 25. Rh1 Nh7 26. f4 exf3+ 27. Qxf3 Ng5 28. Qf5 g6 29. Qd3 Qe5 30. Be1 Ne4 31. Nxe4 Qxe4+ 32. Qxe4 Rxe4 33. Kf3 Rce8 34. Bf2 g5 35. Rad1 Bc5 36. Rd3 Bd6 37. Rc1 Kg7 38. b3 f5 39. gxf5 Kf6 40. Rc4 Kxf5 41. Rdd4 Rxd4 42. Rxd4 Rf8 43. Bg1 Bg3 44. e4+ Ke5+ 45. Ke2 g4 46. hxg4 h3 47. Rd1 Kxe4 48. Be3 h2 49. Rd4+ Ke5 50. Rd1 Rf7 51. g5 Ke4 52. b4 Be5 53. Rh1 Kxd5 54. Kd3 Rf3 55. Ke2 Ke4 56. Bf2 Ra3 57. Bc5 Rxa2+ 58. Kf1 Kf3 0-1

[Event "SRI-chB"]
[Site "Malabe"]
[Date "2015.06.21"]
[Round "5"]
[White "Priyankara, Chamil Y"]
[Black "Edirisinghe, Dulan"]
[Result "1/2-1/2"]
[WhiteElo "1959"]
[BlackElo "2035"]
[PlyCount "21"]
[EventDate "2015.06.19"]
[EventType "swiss"]
[EventRounds "10"]
[EventCountry "SRI"]
[SourceTitle "CBM 167 Extra"]
[Source "ChessBase"]
[SourceDate "2015.09.14"]
[SourceVersion "1"]
[SourceVersionDate "2015.09.14"]
[SourceQuality "1"]

1. e4 e6 2. d4 d5 3. Nc3 Nf6 4. Bg5 Be7 5. Bxf6 Bxf6 6. Nf3 Nc6 7. e5 Be7 8. Qd2 Bb4 9. Bd3 Qe7 10. a3 Bxc3 11. Qxc3 1/2-1/2

[Event "SRI-chB"]
[Site "Malabe"]
[Date "2015.06.20"]
[Round "4"]
[White "Edirisinghe, Dulan"]
[Black "De Silva, Elath Mathanga"]
[Result "1-0"]
[WhiteElo "2035"]
[BlackElo "1962"]
[PlyCount "141"]
[EventDate "2015.06.19"]
[EventType "swiss"]
[EventRounds "10"]
[EventCountry "SRI"]
[SourceTitle "CBM 167 Extra"]
[Source "ChessBase"]
[SourceDate "2015.09.14"]
[SourceVersion "1"]
[SourceVersionDate "2015.09.14"]
[SourceQuality "1"]

1. e4 c5 2. Nc3 g6 3. f4 Bg7 4. Nf3 Nc6 5. Bb5 Nd4 6. 0-0 e6 7. d3 Ne7 8. e5 a6 9. Ba4 b5 10. Bb3 d5 11. Nxd4 cxd4 12. Ne2 Qb6 13. Qe1 0-0 14. Bd2 a5 15. a4 b4 16. Rf3 Nf5 17. g4 Ne3 18. g5 Nf5 19. Rh3 h5 20. gxh6 Bxh6 21. Ng3 Nxg3 22. Qxg3 Bg7 23. Qh4 Re8 24. Re1 Qd8 25. Qf2 Bb7 26. Re2 Bc6 27. Re1 Rc8 28. Ra1 Bb7 29. Qf3 Ba6 30. Be1 Bf8 31. Qg4 Rc6 32. Bh4 Be7 33. Bg5 Bxg5 34. fxg5 Kg7 35. Rf1 Rh8 36. Rff3 Rc8 37. Rxh8 Qxh8 38. Rh3 Qg8 39. Qf4 Qd8 40. Kg2 Bb7 41. Rh6 Ba6 42. Rh3 Bb7 43. Qh4 Qh8 44. Qxd4 Qd8 45. Qh4 Qh8 46. Qxh8+ Rxh8 47. Rxh8 Kxh8 48. d4 Kg8 49. Kf2 Kf8 50. Ke3 Ke7 51. Kd2 Kd7 52. c3 bxc3+ 53. Kxc3 Kc6 54. Bd1 Kb6 55. b4 Bc6 56. b5 Be8 57. Be2 Bd7 58. Kd2 Be8 59. Ke3 Bd7 60. Kf4 Be8 61. h4 Bd7 62. Kg4 Be8 63. h5 gxh5+ 64. Kxh5 Kc7 65. Kh6 Kd8 66. Kg7 Kc7 67. Kf6 Kd7 68. Bd3 Kd8 69. Bc2 Kd7 70. b6 Kc6 71. Ke7 1-0

[Event "SRI-chB"]
[Site "Malabe"]
[Date "2015.06.19"]
[Round "2"]
[White "Edirisinghe, Dulan"]
[Black "Subasinghe, KRVR"]
[Result "1-0"]
[WhiteElo "2035"]
[BlackElo "1835"]
[PlyCount "89"]
[EventDate "2015.06.19"]
[EventType "swiss"]
[EventRounds "10"]
[EventCountry "SRI"]
[SourceTitle "CBM 167 Extra"]
[Source "ChessBase"]
[SourceDate "2015.09.14"]
[SourceVersion "1"]
[SourceVersionDate "2015.09.14"]
[SourceQuality "1"]

1. d4 e6 2. e4 d5 3. Nc3 dxe4 4. Nxe4 Nf6 5. Nxf6+ Qxf6 6. Nf3 Qd8 7. Bd3 Nd7 8. 0-0 Nf6 9. Re1 Be7 10. Qe2 0-0 11. Bg5 Re8 12. Rad1 Nd5 13. Bc1 Bd7 14. c4 Nf6 15. Bg5 c6 16. Ne5 g6 17. Qf3 Kg7 18. Qf4 Rh8 19. Bh6+ Kg8 20. Re3 Be8 21. Rf3 Rc8 22. g4 c5 23. dxc5 Rxc5 24. b4 Rc8 25. Bg5 Nd7 26. Nxf7 Bxg5 27. Nxg5 e5 28. Qe3 h6 29. Ne4 Qe7 30. c5 Kg7 31. Nd6 Rc7 32. Bc4 Nf6 33. Rg3 Bd7 34. h3 b6 35. Re1 bxc5 36. bxc5 Rb8 37. g5 Nh5 38. gxh6+ Kh7 39. Rf3 Nf4 40. Qxf4 exf4 41. Rxe7+ Kxh6 42. Rxf4 Rb1+ 43. Kh2 Bc6 44. Nf7+ Kg7 45. Rxc7 1-0

[Event "SRI-ch"]
[Site "Colombo"]
[Date "2013.10.04"]
[Round "7"]
[White "Wijekoon, Chandana"]
[Black "Edirisinghe, Dulan"]
[Result "0-1"]
[WhiteElo "2012"]
[BlackElo "2022"]
[PlyCount "62"]
[EventDate "2013.09.27"]
[EventType "tourn"]
[EventRounds "13"]
[EventCountry "SRI"]
[SourceTitle "CBM 156 Extra"]
[Source "ChessBase"]
[SourceDate "2013.10.22"]
[SourceVersion "1"]
[SourceVersionDate "2013.10.22"]
[SourceQuality "1"]

1. e4 e6 2. d4 d5 3. e5 c5 4. c3 Nc6 5. Nf3 Qb6 6. Bd3 cxd4 7. cxd4 Bd7 8. Nc3 Nxd4 9. Nxd4 Qxd4 10. Qe2 a6 11. 0-0 Ne7 12. Kh1 Nc6 13. f4 Nb4 14. Bb1 Qc4 15. Qd1 d4 16. Ne4 d3 17. Nc3 Bc6 18. Be3 Rd8 19. Bb6 Bxg2+ 20. Kxg2 Qc6+ 21. Rf3 Qxb6 22. a3 Nd5 23. Nxd5 Rxd5 24. Qa4+ Kd8 25. b4 Qd4 26. Ra2 d2 27. Qd1 g5 28. f5 Qxe5 29. fxe6 fxe6 30. Rxd2 Bd6 31. Kh1 Qxh2+ 0-1

[Event "SRI-ch"]
[Site "Colombo"]
[Date "2013.09.29"]
[Round "5"]
[White "De Silva, Osheen"]
[Black "Edirisinghe, Dulan"]
[Result "0-1"]
[WhiteElo "1887"]
[BlackElo "2022"]
[PlyCount "67"]
[EventDate "2013.09.27"]
[EventType "tourn"]
[EventRounds "13"]
[EventCountry "SRI"]
[SourceTitle "CBM 156 Extra"]
[Source "ChessBase"]
[SourceDate "2013.10.22"]
[SourceVersion "1"]
[SourceVersionDate "2013.10.22"]
[SourceQuality "1"]

1. e4 e6 2. d4 d5 3. Nc3 Bb4 4. e5 c5 5. a3 Bxc3+ 6. bxc3 Qa5 7. Bd2 Qa4 8. Qb1 c4 9. f4 Ne7 10. Nf3 Nbc6 11. Be2 b5 12. 0-0 Bd7 13. Nh4 0-0-0 14. g3 Kc7 15. Kh1 Rb8 16. Bg4 g6 17. Ng2 Qa5 18. Qe1 Qb6 19. Be3 Rb7 20. Qd2 a5 21. Rfb1 Ra8 22. Bf3 Ra6 23. g4 Qa7 24. Ra2 b4 25. Rab2 Rab6 26. axb4 Qb8 27. Be2 axb4 28. cxb4 Rxb4 29. Rxb4 Rxb4 30. Rxb4 Qxb4 31. Qxb4 Nxb4 32. Ne1 c3 33. Bc1 Nec6 34. Bb5 0-1

[Event "SRI-ch"]
[Site "Colombo"]
[Date "2013.09.28"]
[Round "4"]
[White "Edirisinghe, Dulan"]
[Black "Priyankara, Chamil Y"]
[Result "0-1"]
[WhiteElo "2022"]
[BlackElo "1977"]
[PlyCount "54"]
[EventDate "2013.09.27"]
[EventType "tourn"]
[EventRounds "13"]
[EventCountry "SRI"]
[SourceTitle "CBM 156 Extra"]
[Source "ChessBase"]
[SourceDate "2013.10.22"]
[SourceVersion "1"]
[SourceVersionDate "2013.10.22"]
[SourceQuality "1"]

1. d4 Nf6 2. Nf3 e6 3. Bg5 c5 4. e3 Be7 5. Nbd2 d5 6. c3 0-0 7. Bd3 b6 8. 0-0 Ba6 9. Bxa6 Nxa6 10. Qe2 Nb8 11. Ne5 Nfd7 12. Bxe7 Qxe7 13. f4 f6 14. Nef3 Nc6 15. e4 Rae8 16. Qb5 Qd6 17. e5 Qc7 18. exf6 gxf6 19. g3 c4 20. Qa4 e5 21. fxe5 fxe5 22. Nxc4 b5 23. Qxb5 dxc4 24. Qxc4+ Kh8 25. Ng5 exd4 26. cxd4 Qb6 27. Ne6 Nce5 0-1

[Event "SRI-ch"]
[Site "Colombo"]
[Date "2013.09.27"]
[Round "1"]
[White "Peiris, TSS"]
[Black "Edirisinghe, Dulan"]
[Result "1-0"]
[WhiteElo "2022"]
[BlackElo "2022"]
[PlyCount "88"]
[EventDate "2013.09.27"]
[EventType "tourn"]
[EventRounds "13"]
[EventCountry "SRI"]
[SourceTitle "CBM 156 Extra"]
[Source "ChessBase"]
[SourceDate "2013.10.22"]
[SourceVersion "1"]
[SourceVersionDate "2013.10.22"]
[SourceQuality "1"]

1. e4 e6 2. d4 d5 3. Nd2 Nc6 4. Ngf3 Nf6 5. Bd3 Nb4 6. Qe2 Nxd3+ 7. Qxd3 dxe4 8. Nxe4 Nxe4 9. Qxe4 Qd5 10. Qe2 Bd6 11. 0-0 0-0 12. c4 Qh5 13. c5 Bxh2+ 14. Kh1 e5 15. Qe4 Bf4+ 16. Kg1 Bg4 17. Bxf4 Bxf3 18. Qxe5 Qg6 19. Bg3 Bc6 20. Rfe1 Rad8 21. Rad1 Rd5 22. Qxc7 h5 23. Qf4 Rf5 24. Qh4 Rg5 25. Re5 Rxe5 26. dxe5 Re8 27. Qd4 Qf5 28. f3 g5 29. Qd3 Qe6 30. Qe3 Qf5 31. Rd6 Re6 32. Qd3 Qxd3 33. Rxd3 Kg7 34. Kf2 Kg6 35. Rd4 Kf5 36. Bh2 a6 37. Rd8 Re8 38. Rd4 g4 39. Rf4+ Kxe5 40. fxg4 hxg4 41. Rxg4+ Kd5 42. Bd6 Re4 43. Rg5+ Ke6 44. Re5+ Kf6 1-0

[Event "Olympiad-40"]
[Site "Istanbul"]
[Date "2012.09.06"]
[Round "9.1"]
[White "Jere, Daniel"]
[Black "Edirisinghe, Dulan"]
[Result "1-0"]
[WhiteElo "2382"]
[BlackElo "2046"]
[PlyCount "67"]
[EventDate "2012.08.28"]
[EventType "team-swiss"]
[EventRounds "11"]
[EventCountry "TUR"]
[SourceTitle "CBM 151"]
[Source "ChessBase"]
[SourceDate "2012.11.13"]
[SourceVersion "1"]
[SourceVersionDate "2012.11.13"]
[SourceQuality "1"]
[WhiteTeam "Zambia"]
[BlackTeam "Sri Lanka"]
[WhiteTeamCountry "ZAM"]
[BlackTeamCountry "SRI"]

1. c4 Nf6 2. g3 g6 3. Bg2 Bg7 4. Nc3 d6 5. Nf3 0-0 6. 0-0 e5 7. d3 Nc6 8. Rb1 h6 9. b4 Be6 10. b5 Ne7 11. a4 Qc8 12. Re1 Nd7 13. Ba3 f5 14. Rc1 Rf7 15. Nd5 Qd8 16. Nxe7+ Qxe7 17. d4 Nb6 18. Nxe5 Bxe5 19. dxe5 Nxc4 20. exd6 cxd6 21. Bb4 Kh7 22. e4 Qf6 23. Bc3 Qg5 24. f4 Qd8 25. exf5 Bxf5 26. Bd5 Rc7 27. Qd4 Nb6 28. Bf3 Qd7 29. a5 Nc4 30. b6 axb6 31. axb6 Rcc8 32. Bd5 Na3 33. Qf6 Re8 34. Bf7 1-0

[Event "Olympiad-40"]
[Site "Istanbul"]
[Date "2012.09.01"]
[Round "5.1"]
[White "Edirisinghe, Dulan"]
[Black "Tsang, Hon Ki"]
[Result "0-1"]
[WhiteElo "2046"]
[BlackElo "2084"]
[PlyCount "128"]
[EventDate "2012.08.28"]
[EventType "team-swiss"]
[EventRounds "11"]
[EventCountry "TUR"]
[SourceTitle "CBM 151"]
[Source "ChessBase"]
[SourceDate "2012.11.13"]
[SourceVersion "1"]
[SourceVersionDate "2012.11.13"]
[SourceQuality "1"]
[WhiteTeam "Sri Lanka"]
[BlackTeam "Hong Kong"]
[WhiteTeamCountry "SRI"]
[BlackTeamCountry "HKG"]

1. d4 Nf6 2. c4 e6 3. Nc3 Bb4 4. Qc2 c5 5. Nf3 Nc6 6. dxc5 Bxc5 7. a3 d5 8. cxd5 Nxd5 9. Nxd5 Qxd5 10. e4 Qd6 11. Bb5 0-0 12. 0-0 Nd4 13. Nxd4 Bxd4 14. Bd2 Qe5 15. a4 Bxb2 16. Ra2 Bd4 17. Bb4 a6 18. Bxf8 Kxf8 19. Bd3 Bd7 20. Kh1 Rc8 21. Qb1 Bc6 22. Rc2 Bc5 23. Rc4 a5 24. Qc2 b6 25. f4 Qh5 26. Be2 Qh4 27. Rc3 Qe7 28. e5 Qh4 29. Qb3 Bd5 30. Bc4 Bb4 31. Rc2 Be4 32. Bd3 Rxc2 33. Qxc2 Bxd3 34. Qxd3 Bc5 35. Qd7 g6 36. g3 Qg4 37. Qd3 Kg7 38. Kg2 Qh5 39. Qe4 g5 40. fxg5 Qxg5 41. Qf4 Qg6 42. g4 h5 43. g5 Be7 44. h4 Qc2+ 45. Rf2 Qg6 46. Qe3 Bc5 47. Qf4 Bxf2 48. Qf6+ Kg8 49. Kxf2 Qc2+ 50. Ke3 Qb3+ 51. Kd2 Qxa4 52. g6 Qd4+ 53. Kc2 Qe4+ 54. Kc3 Qxg6 55. Qd8+ Kg7 56. Qxb6 Qg3+ 57. Kc4 Qxh4+ 58. Kd3 Qg3+ 59. Ke4 a4 60. Qd8 a3 61. Qf6+ Kg8 62. Qd8+ Kh7 63. Qf8 Qg6+ 64. Kd4 a2 0-1

[Event "SRI-ch"]
[Site "Colombo"]
[Date "2012.03.30"]
[Round "10"]
[White "Edirisinghe, Dulan"]
[Black "De Silva, Osheen"]
[Result "1/2-1/2"]
[WhiteElo "2035"]
[BlackElo "1889"]
[PlyCount "61"]
[EventDate "2012.03.23"]
[EventType "tourn"]
[EventRounds "13"]
[EventCountry "SRI"]
[SourceTitle "EXT 2013"]
[Source "ChessBase"]
[SourceDate "2012.11.22"]
[SourceVersion "1"]
[SourceVersionDate "2012.11.22"]
[SourceQuality "1"]

1. d4 e6 2. Nf3 c5 3. e3 Nf6 4. Bd3 b6 5. 0-0 Bb7 6. Nbd2 d6 7. Qe2 Qc7 8. b3 a6 9. Bb2 Nbd7 10. c4 Be7 11. Rfd1 0-0 12. Bc2 Rfe8 13. Rac1 Rac8 14. Bb1 Qb8 15. e4 cxd4 16. Nxd4 Bd8 17. Qf3 Bc7 18. Qh3 Qa8 19. Re1 Nc5 20. f3 h6 21. Nf1 Qb8 22. Ne3 Ncd7 23. Ng4 Nxg4 24. Qxg4 Nf6 25. Qh3 Ba8 26. a4 Bd8 27. Rcd1 Nd7 28. f4 Bf6 29. Qe3 Qc7 30. Ba3 Nc5 31. Nf3 1/2-1/2

[Event "SRI-ch"]
[Site "Colombo"]
[Date "2012.03.30"]
[Round "9"]
[White "Kurukulasuriya, Prasanna"]
[Black "Edirisinghe, Dulan"]
[Result "0-1"]
[WhiteElo "2078"]
[BlackElo "2035"]
[PlyCount "110"]
[EventDate "2012.03.23"]
[EventType "tourn"]
[EventRounds "13"]
[EventCountry "SRI"]
[SourceTitle "EXT 2013"]
[Source "ChessBase"]
[SourceDate "2012.11.22"]
[SourceVersion "1"]
[SourceVersionDate "2012.11.22"]
[SourceQuality "1"]

1. e4 c6 2. Nc3 d5 3. Nf3 Bg4 4. h3 Bxf3 5. Qxf3 dxe4 6. Nxe4 Nd7 7. d4 Ngf6 8. Bd3 Nxe4 9. Qxe4 Nf6 10. Qh4 e6 11. 0-0 Nd5 12. Qe4 Nf6 13. Qh4 Nd5 14. Bg5 Be7 15. Bxe7 Qxe7 16. Qg3 Qf6 17. Rfd1 0-0 18. c3 Qf4 19. Qxf4 Nxf4 20. Bf1 Rad8 21. Re1 Rd7 22. Re4 Nd5 23. a4 a5 24. Re5 Ra8 25. g3 g6 26. Kg2 Kg7 27. f4 Nb6 28. Kf3 Rd5 29. g4 Rxe5 30. fxe5 Rc8 31. Ke4 c5 32. Bb5 cxd4 33. Kxd4 Nd5 34. Rf1 g5 35. Rf3 b6 36. Bf1 Nf4 37. Rf2 Nd5 38. Re2 Kf8 39. Re1 Ke7 40. Re2 Nf4 41. Rf2 Rd8+ 42. Ke4 Rd5 43. c4 Rd1 44. Rf3 Kd7 45. h4 h6 46. hxg5 hxg5 47. c5 bxc5 48. Bb5+ Kc7 49. Rf1 Rd2 50. b3 Rd4+ 51. Kf3 Ng6 52. Re1 Rd5 53. Rh1 Nxe5+ 54. Ke4 Nxg4 55. Rh8 Rd8 0-1

[Event "Ambalangoda Dhamso op 1st"]
[Site "Ambalangoda"]
[Date "2011.04.23"]
[Round "6"]
[White "Yashora, WA Tiumi"]
[Black "Edirisinghe, Dulan"]
[Result "0-1"]
[WhiteElo "1746"]
[BlackElo "2071"]
[PlyCount "78"]
[EventDate "2011.04.21"]
[EventType "swiss"]
[EventRounds "9"]
[EventCountry "SRI"]
[SourceTitle "CBM 142 Extra"]
[Source "ChessBase"]
[SourceDate "2011.06.27"]
[SourceVersion "1"]
[SourceVersionDate "2011.06.27"]
[SourceQuality "1"]

1. d4 Nf6 2. c4 g6 3. Nc3 Bg7 4. e4 d6 5. Be2 0-0 6. g4 e5 7. d5 Ne8 8. Be3 a5 9. h4 f5 10. gxf5 gxf5 11. f3 Na6 12. h5 h6 13. Kd2 Bd7 14. Nh3 f4 15. Bf2 Kh7 16. Qg1 Qf6 17. Qg2 c6 18. Rag1 Rb8 19. Bb6 Qf7 20. Nf2 Nf6 21. Qh2 Be8 22. Qg2 Nd7 23. Na4 Bf6 24. Ng4 Bg5 25. Bf2 b5 26. cxb5 cxb5 27. Nc3 Ndc5 28. Bh4 b4 29. Nd1 Nxe4+ 30. Ke1 Nac5 31. Bxg5 hxg5 32. fxe4 f3 33. Qh3 fxe2 34. Kxe2 Bb5+ 35. Ke1 Nxe4 36. Qg2 Qxd5 37. Nge3 Qd4 38. Rh3 Rf2 39. Nxf2 Qd2# 0-1

[Event "Ambalangoda Dhamso op 1st"]
[Site "Ambalangoda"]
[Date "2011.04.22"]
[Round "4"]
[White "Egodage, Keshan"]
[Black "Edirisinghe, Dulan"]
[Result "1/2-1/2"]
[WhiteElo "1795"]
[BlackElo "2071"]
[PlyCount "107"]
[EventDate "2011.04.21"]
[EventType "swiss"]
[EventRounds "9"]
[EventCountry "SRI"]
[SourceTitle "CBM 142 Extra"]
[Source "ChessBase"]
[SourceDate "2011.06.27"]
[SourceVersion "1"]
[SourceVersionDate "2011.06.27"]
[SourceQuality "1"]

1. d4 Nf6 2. Nf3 g6 3. c3 Bg7 4. Nbd2 d5 5. g3 0-0 6. Bg2 Nc6 7. 0-0 Re8 8. Re1 e5 9. dxe5 Nxe5 10. Nxe5 Rxe5 11. Nf3 Re8 12. Bf4 c6 13. Qc1 Qb6 14. Be3 Qa6 15. Qd1 Bf5 16. Nd4 Bd7 17. Qd3 Qxd3 18. exd3 Ng4 19. Nb3 Nxe3 20. fxe3 Bf5 21. e4 dxe4 22. dxe4 Bg4 23. h3 Bc8 24. Rad1 Be5 25. g4 a5 26. Nc5 Bc7 27. Kh1 b6 28. Nd7 Rd8 29. Nf6+ Kg7 30. e5 Bb7 31. Rxd8 Rxd8 32. g5 h6 33. h4 hxg5 34. hxg5 Bb8 35. b4 axb4 36. cxb4 b5 37. a4 Rd4 38. axb5 Rh4+ 39. Kg1 Ba7+ 40. Kf1 Rf4+ 41. Ke2 Rf2+ 42. Kd3 Rxg2 43. Ne8+ Kf8 44. Nd6 Rg3+ 45. Kc2 Rg2+ 46. Kd3 Rg3+ 47. Kc2 cxb5 48. Nxb7 Ke7 49. Nd6 Bb8 50. Nxb5 Rxg5 51. Nd4 Bc7 52. e6 fxe6 53. Rxe6+ Kd7 54. Re4 1/2-1/2